Normal view
MARC view
Entry Personal Name
001 - CONTROL NUMBER
- control field: 47011
003 - CONTROL NUMBER IDENTIFIER
- control field: ARRUPE
005 - DATE AND TIME OF LATEST TRANSACTION
- control field: 20190715103822.0
008 - FIXED-LENGTH DATA ELEMENTS
- fixed length control field: 190715|| aca||aabn | a|a d
040 ## - CATALOGING SOURCE
- Original cataloging agency: ARRUPE
- Transcribing agency: ARRUPE
100 ## - HEADING--PERSONAL NAME
- Personal name: Wilson, John S. & Abiola, Victor O. (ed)
670 ## - SOURCE DATA FOUND
- Source citation: Work cat.: (ARRUPE)92987: Standards and global trade, 2003